Statistics for Μεγάλες Μάχες της Αρχαίας Ελλάδας

Click here to take the quiz!

General Stats

  • This quiz has been taken 104 times
  • The average score is 6 of 15

Answer Stats

ΣτοιχείοΈτοςΜάχη% Correct
Οι Αθηναίοι υπό το Μιλτιάδη νικούν και εκδιώκουν τους Πέρσες εισβολείς490 π.ΧΜάχη του Μαραθώνα
94%
Διάσημη αυτοθυσία των Σπαρτιατών και των Θεσπιέων έναντι των Περσών480 π.ΧΜάχη των Θερμοπυλών
93%
Ο συμμαχικός στόλος πετυχαίνει αποφασιστική νίκη επί του περσικού480 π.ΧΝαυμαχία της Σαλαμίνας
93%
Οι Έλληνες, υπό σπαρτιατική ηγεσία, τερματίζουν την περσική εισβολή479 π.ΧΜάχη των Πλαταιών
64%
Η στρατηγική ιδιοφυΐα του Αλέξανδρου οδηγεί σε θρίαμβο στην πιο γνωστή του μάχη331 π.ΧΜάχη των Γαυγαμήλων
55%
Ο Αλέξανδρος εξασφαλίζει τη Μ.Ασία με τη νίκη του σε αυτόν τον ποταμό334 π.ΧΜάχη του Γρανικού
41%
Ο Δαρείος αποκόπτει τα νώτα των Ελλήνων, όμως ηττάται και τρέπεται σε φυγή333 π.ΧΜάχη της Ισσού
38%
Ο Θηβαϊκός Ιερός Λόχος κατατροπώνει τους Σπαρτιάτες371 π.ΧΜάχη των Λεύκτρων
28%
Ο Φίλιππος νικά Θηβαίους και Αθηναίους, η Μακεδονία εδραιώνεται ως κυρίαρχη δύναμη338 π.ΧΜάχη της Χαιρώνειας
28%
Η Θήβα νικά το συνασπισμό Αθηναίων-Σπαρτιατών αλλά χάνει τον ηγέτη της362 π.ΧΜάχη της Μαντινείας
17%
Οι Μακεδόνες επικρατούν επί του Πώρου, στην πιο "δαπανηρή" νίκη τους326 π.ΧΜάχη του Υδάσπη
14%
Οι Ρωμαίοι κατατροπώνουν τον ελληνικό συνασπισμό, καταστρέφουν την πόλη και κυριεύουν την Ελλάδα146 π.ΧΜάχη της Λευκόπετρας (Κορίνθου)
12%
Ο Πύρρος νικά τους Ρωμαίους αλλά υφίσταται μεγάλες απώλειες, οδηγώντας στον όρο "Πύρρειος νίκη"280 π.ΧΜάχη της Ηράκλειας
9%
Η Ρωμαϊκή Λεγεώνα δείχνει την υπεροχή της επί της Μακεδονικής Φάλαγγας197 π.ΧΜάχη των Κυνών Κεφαλών
2%
Η Ρώμη επικρατεί επί του Φιλίππου Ε' και κατακτά τη Μακεδονία168 π.ΧΜάχη της Πύδνας
2%

Score Distribution

Percentile by Number Answered

Percent of People with Each Score

Your Score History

You have not taken this quiz